Statistics for Players who scored in 1998 FIFA World Cup

Click here to take the quiz!

General Stats

  • This quiz has been taken 78 times
  • The average score is 34 of 105

Answer Stats

TeamGoalsPlayer% Correct
Brazil4Ronaldo
100%
Brazil3Rivaldo
85%
France2Zinedine Zidane
83%
Netherlands3Dennis Bergkamp
79%
France3Thierry Henry
79%
Argentina5Gabriel Batistuta
75%
Spain1Raúl González
75%
South Korea1Ha Seok-Ju
74%
England2Michael Owen
74%
France1Emmanuel Petit
70%
Netherlands2Patrick Kluivert
70%
Italy5Christian Vieri
68%
Denmark2Brian Laudrup
66%
England1David Beckham
66%
Norway1Håvard Flo
66%
Chile4Marcelo Salas
66%
Denmark1Michael Laudrup
66%
Italy2Roberto Baggio
66%
Norway1Tore André Flo
66%
Brazil2Bebeto
64%
France1Laurent Blanc
64%
Croatia6Davor Šuker
60%
France2Lilian Thuram
60%
France1David Trezeguet
58%
Germany3Jürgen Klinsmann
58%
Netherlands1Marc Overmars
58%
Germany3Oliver Bierhoff
55%
England2Alan Shearer
53%
Netherlands2Ronald de Boer
51%
Mexico4Luis Hernández
47%
Morocco1Mustapha Hadji
47%
England1Paul Scholes
47%
Argentina2Ariel Ortega
45%
France1Christophe Dugarry
45%
Spain2Fernando Hierro
45%
Spain2Fernando Morientes
45%
France1Bixente Lizarazu
40%
Mexico1Cuauhtémoc Blanco
40%
Brazil3César Sampaio
38%
Netherlands2Phillip Cocu
38%
Denmark1Ebbe Sand
34%
Netherlands1Edgar Davids
34%
Belgium2Marc Wilmots
32%
Argentina1Javier Zanetti
30%
Yugoslavia1Predrag Mijatović
30%
Nigeria1Sunday Oliseh
28%
South Africa1Benni McCarthy
26%
Cameroon1Patrick M'Boma
26%
Scotland1John Collins
25%
Croatia2Robert Prosinečki
25%
Yugoslavia1Siniša Mihajlović
25%
Austria1Toni Polster
25%
Argentina1Claudio López
23%
Romania1Dan Petrescu
23%
Norway1Kjetil Rekdal
23%
Belgium1Luc Nilis
23%
Paraguay1Celso Ayala
19%
England1Darren Anderton
19%
Bulgaria1Emil Kostadinov
19%
Austria1Ivica Vastić
19%
Italy1Luigi Di Biagio
19%
Austria1Andreas Herzog
17%
Spain1Luis Enrique
17%
Morocco2Salaheddine Bassir
17%
Nigeria1Tijani Babangida
17%
Romania1Adrian Ilie
15%
Yugoslavia1Dragan Stojković
15%
Croatia1Goran Vlaović
15%
Iran1Mehdi Mahdavikia
15%
Germany1Andreas Möller
13%
Denmark1Peter Møller
13%
Denmark1Thomas Helveg
13%
Romania2Viorel Moldovan
13%
Morocco2Abdeljalil Hadda
11%
USA1Brian McBride
11%
Netherlands1Pierre van Hooijdonk
11%
Yugoslavia2Slobodan Komljenović
11%
Nigeria1Victor Ikpeba
11%
Mexico1Alberto Garcia Aspe
9%
Paraguay1José Cardozo
9%
Spain1Kiko
9%
Croatia1Mario Stanić
9%
Saudi Arabia1Sami Al-Jaber
9%
South Africa2Shaun Bartlett
9%
Iran1Hamid Reza Estili
8%
Denmark1Martin Jørgensen
8%
Cameroon1Pierre Njanka
8%
Croatia1Robert Jarni
8%
Denmark1Allan Nielsen
6%
Norway1Dan Eggen
6%
Chile1José Luis Sierra
6%
Argentina1Mauricio Pineda
6%
Mexico2Ricardo Peláez
6%
Jamaica1Robbie Earle
6%
Nigeria1Wilson Oruma
6%
Denmark1Marc Rieper
4%
Paraguay1Miguel Ángel Benítez
4%
Nigeria1Mutiu Adepoju
4%
Jamaica2Theodore Whitmore
4%
Scotland1Craig Burley
2%
Colombia1Léider Preciado
2%
Japan1Masashi Nakayama
2%
Tunisia1Skander Souayah
2%
South Korea1Yoo Sang-Chul
0%
Saudi Arabia1Yousuf Al-Thunayan
0%

Score Distribution

Percentile by Number Answered

Percent of People with Each Score

Your Score History

You have not taken this quiz